Country Abbreviations of the World - Statistics

General Stats
  • This quiz has been taken 804 times
  • The average score is 105 of 196
Answers on the Map
Answers color-coded by a green-red scale on the quiz's map according to % correct below.
 
Answer Stats
Country Abbv. % Correct
Canada CA
88%
United States US
86%
Argentina AR
83%
Australia AU
83%
Brazil BR
83%
Albania AL
82%
Switzerland CH
81%
Antigua and Barbuda AG
80%
Afghanistan AF
79%
Spain ES
78%
Saudi Arabia SA
78%
France FR
77%
Mexico MX
77%
Russia RU
77%
Bosnia and Herzegovina BA
76%
Colombia CO
75%
Egypt EG
75%
Belgium BE
74%
China CN
74%
India IN
74%
Costa Rica CR
73%
Finland FI
73%
Morocco MA
73%
Bahrain BH
72%
Bolivia BO
72%
Germany DE
72%
Iran IR
72%
Sweden SE
71%
Ethiopia ET
70%
Greece GR
70%
Panama PA
70%
Italy IT
69%
Japan JP
69%
Sierra Leone SL
69%
Georgia GE
68%
Liechtenstein LI
68%
Austria AT
67%
Chile CL
67%
Cuba CU
67%
Ecuador EC
67%
Norway NO
67%
Armenia AM
66%
Azerbaijan AZ
66%
Bulgaria BG
66%
Brunei BN
66%
United Kingdom GB
66%
Indonesia ID
66%
Mali ML
66%
United Arab Emirates AE
65%
Bahamas BS
65%
Gabon GA
65%
Nicaragua NI
65%
Slovakia SK
65%
Ivory Coast CI
64%
Denmark DK
64%
Kazakhstan KZ
64%
Laos LA
64%
Mongolia MN
64%
Poland PL
64%
Somalia SO
64%
Suriname SR
64%
Democratic Republic of the Congo CD
63%
Cameroon CM
63%
Moldova MD
63%
Peru PE
63%
Belize BZ
62%
Israel IL
62%
Malaysia MY
62%
Portugal PT
62%
Iraq IQ
61%
Madagascar MG
61%
Niger NE
61%
Slovenia SI
61%
Senegal SN
61%
Turkey TR
61%
Bhutan BT
60%
Eritrea ER
60%
Ireland IE
60%
Lithuania LT
60%
Guyana GY
59%
Lebanon LB
59%
Venezuela VE
59%
Dominica DM
58%
Haiti HT
58%
Libya LY
58%
Montenegro ME
58%
Namibia NA
58%
Nigeria NG
58%
New Zealand NZ
58%
Oman OM
58%
Pakistan PK
58%
Burundi BI
57%
Czech Republic CZ
57%
Papua New Guinea PG
57%
Syria SY
57%
Thailand TH
57%
Ukraine UA
57%
Uganda UG
57%
Dominican Republic DO
56%
Romania RO
56%
Sudan SD
56%
Tunisia TN
56%
Guinea GN
55%
South Korea KR
55%
Philippines PH
55%
Jamaica JM
54%
Jordan JO
54%
Kenya KE
54%
Yemen YE
54%
Andorra AD
53%
Bangladesh BD
53%
Guatemala GT
53%
Hungary HU
53%
Monaco MC
53%
Paraguay PY
53%
El Salvador SV
53%
Uzbekistan UZ
53%
Vietnam VN
53%
Angola AO
52%
Gambia GM
52%
Nepal NP
52%
Ghana GH
51%
Luxembourg LU
51%
Nauru NR
51%
Qatar QA
51%
South Sudan SS
51%
Djibouti DJ
50%
Iceland IS
50%
Latvia LV
50%
Mauritania MR
50%
Mozambique MZ
50%
San Marino SM
50%
Tajikistan TJ
50%
Botswana BW
49%
Honduras HN
49%
Lesotho LS
49%
São Tomé and Príncipe ST
49%
Cyprus CY
48%
Malta MT
48%
Uruguay UY
48%
Cape Verde CV
47%
Kyrgyzstan KG
47%
Turkmenistan TM
47%
Tanzania TZ
47%
South Africa ZA
47%
Burkina Faso BF
45%
Kuwait KW
45%
Togo TG
45%
Tonga TO
45%
Netherlands NL
44%
Taiwan TW
44%
Zambia ZM
44%
Mauritius MU
43%
Malawi MW
43%
Fiji FJ
42%
Kiribati KI
42%
Myanmar MM
42%
Barbados BB
41%
Liberia LR
39%
Rwanda RW
38%
Seychelles SC
37%
Singapore SG
37%
Vatican City VA
37%
Saint Kitts and Nevis KN
36%
Maldives MV
36%
Trinidad and Tobago TT
36%
Republic of the Congo CG
35%
Estonia EE
35%
Solomon Islands SB
34%
Croatia HR
33%
Tuvalu TV
33%
Zimbabwe ZW
33%
Serbia RS
32%
Grenada GD
31%
East Timor TL
28%
Belarus BY
27%
Eswatini SZ
27%
Federated States of Micronesia FM
26%
Saint Vincent and the Grenadines VC
26%
Marshall Islands MH
25%
Central African Republic CF
23%
Saint Lucia LC
23%
Vanuatu VU
22%
Cambodia KH
21%
Algeria DZ
20%
Chad TD
19%
Benin BJ
17%
North Macedonia MK
17%
North Korea KP
15%
Sri Lanka LK
15%
Comoros KM
14%
Equatorial Guinea GQ
13%
Guinea-Bissau GW
11%
Kosovo XK
11%
Palau PW
10%
Samoa WS
10%
No matching quizzes found
Score Distribution
Percent of People with Each Score
Percentile by Number Answered
Your Score History
You have not taken this quiz